| 000 | 00828nam a22002417a 4500 | ||
|---|---|---|---|
| 003 | OSt | ||
| 005 | 20230119111804.0 | ||
| 008 | 221006b |||||||| |||| 00| 0 eng d | ||
| 020 | _a978 84 8026 576 8 | ||
| 040 | _cBiblioteca Lado V | ||
| 082 |
_a708 _bZ39l |
||
| 100 |
_ecurador _985 _aZaya, Octavio |
||
| 245 | _aLuis Camnitzer Hospicio de utopias Fallidas/ | ||
| 260 |
_bMuseo Nacional Centro de Arte Reina Sofia _aEspaƱa _c2018 |
||
| 300 |
_a180p. _c18x25cm |
||
| 490 | _vtomo 1 | ||
| 650 |
_2Tesauro de Arte & Arquitectura _aCATALOGO |
||
| 650 |
_2Tesauro de Arte & Arquitectura _aARTE-ESPANA |
||
| 650 |
_2Tesauro de Arte & Arquitectura _aEXHIBICION |
||
| 700 |
_aPalacios Murillo, Fabiola _eautor |
||
| 700 |
_aGonzalez Gonzalez, Cinthia Priscila _eautor |
||
| 942 |
_2ddc _c1 _h708 _iZ39l _n0 |
||
| 999 |
_c2839 _d2839 |
||